[Event "20. Open Pula 2006"]
[Site "Pula CRO"]
[Date "2006.06.19"]
[Round "2.12"]
[White "Kovacevic, Blazimir"]
[Black "Bajramovic, Halid"]
[Result "1-0"]
[WhiteElo "2468"]
[BlackElo "2208"]
[PlyCount "61"]
[EventDate "2006.06.18"]
[EventType "swiss"]
[EventRounds "9"]
[EventCountry "CRO"]
[Source "lmi"]
[SourceDate "2006.06.26"]

1. c4 Nf6 2. Nc3 d5 3. cxd5 Nxd5 4. Nf3 e6 5. e4 Nf6 6. d4 c6 7. Bd3 Nbd7 8.
O-O Be7 9. Qe2 b5 10. e5 Nd5 11. Nxd5 exd5 12. e6 fxe6 13. Qxe6 Nb8 14. Qe2 O-O
15. Qc2 h6 16. Ne5 Rf6 17. f4 Bd7 18. Be3 Na6 19. a3 Nc7 20. g4 Be8 21. g5 Rd6
22. Rf3 Ne6 23. gxh6 gxh6 24. Kh1 Bf8 25. Rg1+ Kh8 26. Bg6 Be7 27. Rh3 h5 28.
Bf7 Qc8 29. Rhg3 Bf6 30. Ng6+ Kh7 31. Nf8+ 1-0

[Event "20. Open Pula 2006"]
[Site "Pula CRO"]
[Date "2006.06.19"]
[Round "2.13"]
[White "Abergel, Thal"]
[Black "Perhinig, Robert"]
[Result "1-0"]
[WhiteElo "2457"]
[BlackElo "2203"]
[PlyCount "61"]
[EventDate "2006.06.18"]
[EventType "swiss"]
[EventRounds "9"]
[EventCountry "CRO"]
[Source "lmi"]
[SourceDate "2006.06.26"]

1. e4 e6 2. d4 d5 3. Nd2 Nf6 4. e5 Nfd7 5. Ngf3 c5 6. c3 Nc6 7. Bd3 cxd4 8.
cxd4 Qb6 9. O-O Nxd4 10. Nxd4 Qxd4 11. Nf3 Qb6 12. Qa4 Qb4 13. Qc2 Qc5 14. Qe2
Qc7 15. Bf4 Be7 16. Rfc1 Qd8 17. Rc3 Nc5 18. Bb5+ Bd7 19. Rac1 Na6 20. Bxa6
bxa6 21. Qxa6 O-O 22. Rc7 Rb8 23. Be3 Bb5 24. Qxa7 Ra8 25. Qb6 Rb8 26. Qa7 Ra8
27. Qb6 Rb8 28. Qa5 Bc4 29. Bb6 Bb4 30. Qxb4 Qxc7 31. Qxf8+ 1-0

[Event "20. Open Pula 2006"]
[Site "Pula CRO"]
[Date "2006.06.19"]
[Round "2.14"]
[White "Jerkovic, Ivan"]
[Black "Sakelsek, Tadej"]
[Result "0-1"]
[WhiteElo "2205"]
[BlackElo "2428"]
[PlyCount "76"]
[EventDate "2006.06.18"]
[EventType "swiss"]
[EventRounds "9"]
[EventCountry "CRO"]
[Source "lmi"]
[SourceDate "2006.06.26"]

1. e4 c5 2. Nf3 Nc6 3. d4 cxd4 4. Nxd4 Qc7 5. Nc3 e6 6. Be3 a6 7. Qd2 Nf6 8.
O-O-O Bb4 9. f3 Ne5 10. Nb3 b5 11. Bd4 Be7 12. Qg5 Ng6 13. Qg3 d6 14. Qf2 e5
15. Bb6 Qb8 16. Na5 Be6 17. h4 Nd7 18. Be3 Qc7 19. Nb3 b4 20. Nd5 Bxd5 21. exd5
Bd8 22. h5 Ne7 23. f4 Qb7 24. g3 a5 25. Bg2 a4 26. Nc5 dxc5 27. h6 g6 28. fxe5
O-O 29. Rhf1 Qa6 30. Bg5 Nf5 31. Bxd8 Raxd8 32. e6 b3 33. a3 Ne5 34. Qf4 bxc2
35. Qxe5 cxd1=Q+ 36. Rxd1 fxe6 37. Bf1 Qd6 38. Qc3 Qxg3 0-1

[Event "20. Open Pula 2006"]
[Site "Pula CRO"]
[Date "2006.06.19"]
[Round "2.16"]
[White "Shtivelband, Vladimir"]
[Black "Kuljasevic, Davorin"]
[Result "1/2-1/2"]
[WhiteElo "2193"]
[BlackElo "2408"]
[PlyCount "41"]
[EventDate "2006.06.18"]
[EventType "swiss"]
[EventRounds "9"]
[EventCountry "CRO"]
[Source "lmi"]
[SourceDate "2006.06.26"]

1. c4 c5 2. Nc3 Nf6 3. e4 Nc6 4. g3 g6 5. Bg2 Bg7 6. d3 O-O 7. f4 d6 8. Nf3 Rb8
9. O-O Bg4 10. h3 Bxf3 11. Bxf3 Nd4 12. Be3 Nd7 13. Bg2 b5 14. Qd2 a6 15. Rac1
e6 16. b3 Qa5 17. Kh1 f5 18. g4 Kh8 19. exf5 gxf5 20. g5 Qd8 21. Qf2 1/2-1/2

[Event "20. Open Pula 2006"]
[Site "Pula CRO"]
[Date "2006.06.19"]
[Round "2.17"]
[White "Rigo, Zsolt"]
[Black "Schnabel, Andreas"]
[Result "1-0"]
[WhiteElo "2402"]
[BlackElo "2187"]
[PlyCount "45"]
[EventDate "2006.06.18"]
[EventType "swiss"]
[EventRounds "9"]
[EventCountry "CRO"]
[Source "lmi"]
[SourceDate "2006.06.26"]

1. e4 c5 2. Nf3 d6 3. d4 cxd4 4. Nxd4 Nf6 5. Nc3 g6 6. Be3 Bg7 7. f3 O-O 8. Qd2
Nc6 9. O-O-O Nxd4 10. Bxd4 Be6 11. Kb1 Qc7 12. h4 Rfc8 13. h5 Qa5 14. hxg6 fxg6
15. a3 Rab8 16. Bd3 b5 17. Qg5 d5 18. Nxd5 Bxd5 19. exd5 b4 20. Rxh7 Kxh7 21.
Qxg6+ Kg8 22. Rh1 bxa3 23. Bxf6 1-0

[Event "20. Open Pula 2006"]
[Site "Pula CRO"]
[Date "2006.06.19"]
[Round "2.19"]
[White "Saric, Ivan"]
[Black "Valenta, Vit"]
[Result "1-0"]
[WhiteElo "2393"]
[BlackElo "2174"]
[PlyCount "43"]
[EventDate "2006.06.18"]
[EventType "swiss"]
[EventRounds "9"]
[EventCountry "CRO"]
[Source "lmi"]
[SourceDate "2006.06.26"]

1. e4 e5 2. Nf3 Nc6 3. Bc4 Be7 4. d4 d6 5. Nc3 Nf6 6. h3 O-O 7. O-O h6 8. Re1
a6 9. a4 Re8 10. a5 Bf8 11. b3 exd4 12. Nxd4 Nxd4 13. Qxd4 g6 14. Bb2 Bg7 15.
Qd3 Bd7 16. Rad1 Bc6 17. e5 dxe5 18. Bxf7+ Kxf7 19. Qc4+ Nd5 20. Nxd5 Re6 21.
Nf4 Qe7 22. Bxe5 1-0

[Event "20. Open Pula 2006"]
[Site "Pula CRO"]
[Date "2006.06.19"]
[Round "2.20"]
[White "Hrbolka, Ladislav"]
[Black "Feletar, Darko"]
[Result "1/2-1/2"]
[WhiteElo "2164"]
[BlackElo "2391"]
[PlyCount "51"]
[EventDate "2006.06.18"]
[EventType "swiss"]
[EventRounds "9"]
[EventCountry "CRO"]
[Source "lmi"]
[SourceDate "2006.06.26"]

1. d4 d5 2. Nf3 Nf6 3. c4 e6 4. Nc3 dxc4 5. e3 a6 6. Bxc4 b5 7. Bd3 Bb7 8. O-O
Nbd7 9. Qe2 c5 10. b3 cxd4 11. exd4 Be7 12. Re1 O-O 13. Ne5 Rc8 14. Bb2 Nb6 15.
Ne4 Nbd5 16. Nxf6+ Nxf6 17. f3 Bb4 18. Red1 Qd5 19. Rac1 Rfd8 20. Bb1 Qd6 21.
Rxc8 Rxc8 22. Nd3 Bd5 23. Nxb4 Qxb4 24. Qd2 Qxd2 25. Rxd2 a5 26. Rc2 1/2-1/2

[Event "20. Open Pula 2006"]
[Site "Pula CRO"]
[Date "2006.06.20"]
[Round "3.1"]
[White "Stocek, Jiri"]
[Black "Nemet, Ivan"]
[Result "1-0"]
[WhiteElo "2565"]
[BlackElo "2346"]
[PlyCount "59"]
[EventDate "2006.06.18"]
[EventType "swiss"]
[EventRounds "9"]
[EventCountry "CRO"]
[Source "lmi"]
[SourceDate "2006.06.26"]

1. c4 Nf6 2. Nc3 g6 3. d4 Bg7 4. e4 d6 5. h3 O-O 6. Bg5 c5 7. d5 e6 8. Nf3 exd5
9. cxd5 h6 10. Be3 Re8 11. Bd3 b6 12. O-O Ba6 13. Re1 Bxd3 14. Qxd3 a6 15. a4
Ra7 16. Bf4 Rae7 17. Nd2 Nh5 18. Bh2 f5 19. Nc4 Bxc3 20. bxc3 f4 21. e5 dxe5
22. Qxg6+ Ng7 23. Rad1 b5 24. Nd6 Rf8 25. Qxh6 Nd7 26. Qg5 Nf6 27. Nf5 Rd7 28.
Rxe5 f3 29. d6 Kh8 30. Qh4+ 1-0

[Event "20. Open Pula 2006"]
[Site "Pula CRO"]
[Date "2006.06.20"]
[Round "3.2"]
[White "Biti, Ozren"]
[Black "Rogic, Davor"]
[Result "0-1"]
[WhiteElo "2347"]
[BlackElo "2540"]
[PlyCount "92"]
[EventDate "2006.06.18"]
[EventType "swiss"]
[EventRounds "9"]
[EventCountry "CRO"]
[Source "lmi"]
[SourceDate "2006.06.26"]

1. e4 e5 2. Nf3 Nc6 3. Bc4 Bc5 4. c3 Nf6 5. d3 d6 6. Bb3 a6 7. Nbd2 Ba7 8. h3
b5 9. Nf1 Ne7 10. Ng3 Ng6 11. Bg5 h6 12. Bxf6 gxf6 13. Nh5 Kf8 14. Nh2 f5 15.
exf5 Nh4 16. g3 Bb7 17. Rg1 Qg5 18. Qg4 Nxf5 19. Bd1 Rg8 20. Qxg5 hxg5 21. Bf3
c6 22. Ke2 Rh8 23. a4 Ke7 24. axb5 axb5 25. Ra2 Bb6 26. Rga1 Rxa2 27. Rxa2 d5
28. Nf1 Nd6 29. g4 c5 30. Bg2 f5 31. Ne3 e4 32. dxe4 dxe4 33. Ng3 f4 34. Nef5+
Nxf5 35. Nxf5+ Kd7 36. Bf1 c4 37. Ra1 Kc7 38. Ke1 Bc5 39. Ra2 Kb6 40. Ra1 Rd8
41. Ng7 e3 42. fxe3 Bxe3 43. Ne6 Rd2 44. Rd1 Rxb2 45. Rd6+ Ka5 46. Nxg5 f3 0-1

[Event "20. Open Pula 2006"]
[Site "Pula CRO"]
[Date "2006.06.20"]
[Round "3.3"]
[White "Kovacevic, Aleksandar"]
[Black "Krstic, Uros"]
[Result "1-0"]
[WhiteElo "2536"]
[BlackElo "2343"]
[PlyCount "71"]
[EventDate "2006.06.18"]
[EventType "swiss"]
[EventRounds "9"]
[EventCountry "CRO"]
[Source "lmi"]
[SourceDate "2006.06.26"]

1. e4 e5 2. Nf3 d5 3. exd5 Bd6 4. Bb5+ c6 5. dxc6 bxc6 6. Bc4 e4 7. Qe2 Qe7 8.
Nd4 Nf6 9. d3 Qe5 10. Nb3 Bf5 11. Nc3 O-O 12. d4 Qe7 13. Bg5 Nbd7 14. g4 Bg6
15. h4 h6 16. h5 Bh7 17. Be3 Nb6 18. g5 Nfd5 19. Bxd5 cxd5 20. gxh6 f5 21. Rg1
Rf7 22. Bg5 Qe6 23. Nc5 Bxc5 24. dxc5 Nc4 25. O-O-O Ne5 26. Bf4 Rd8 27. Rxg7+
Rxg7 28. hxg7 Nf3 29. h6 Bg6 30. Nb5 Qa6 31. a3 Qc6 32. Nd4 Nxd4 33. Rxd4 Qxc5
34. Qd2 Kh7 35. Qb4 Qc6 36. Qf8 1-0

[Event "20. Open Pula 2006"]
[Site "Pula CRO"]
[Date "2006.06.20"]
[Round "3.5"]
[White "Kveinys, Aloyzas"]
[Black "Orel, Oskar"]
[Result "1-0"]
[WhiteElo "2532"]
[BlackElo "2305"]
[PlyCount "111"]
[EventDate "2006.06.18"]
[EventType "swiss"]
[EventRounds "9"]
[EventCountry "CRO"]
[Source "lmi"]
[SourceDate "2006.06.26"]

1. d4 Nf6 2. c4 e6 3. Nc3 d5 4. cxd5 exd5 5. Bg5 Be7 6. e3 c6 7. Bd3 Nbd7 8.
Nf3 a5 9. Qc2 O-O 10. h3 Re8 11. Bf4 Nf8 12. O-O-O Ng6 13. Bh2 Bd6 14. Bxd6
Qxd6 15. Kb1 b5 16. g4 a4 17. g5 Nd7 18. h4 Ngf8 19. Rde1 a3 20. b3 b4 21. Na4
Ba6 22. Bf5 Bb5 23. Bxd7 Nxd7 24. Nc5 Nxc5 25. dxc5 Qc7 26. Nd4 Rab8 27. h5 Qe5
28. f4 Qe4 29. Qxe4 dxe4 30. Reg1 Rbd8 31. g6 Bd3+ 32. Kc1 Rd5 33. Kd2 Rxc5 34.
Rc1 Rxc1 35. gxf7+ Kxf7 36. Rxc1 g5 37. Nxc6 gxf4 38. exf4 Kf6 39. Nxb4 Rg8 40.
Nd5+ Ke6 41. Ne3 Rg3 42. Rc6+ Kd7 43. Rh6 Rh3 44. Rxh7+ Kd6 45. Ra7 Rh2+ 46.
Kc3 Rxa2 47. h6 Re2 48. Nf5+ Kc5 49. Ra5+ Kb6 50. Rxa3 Rh2 51. Ra8 Bb1 52. Rf8
Kc5 53. b4+ Kd5 54. Ne3+ Ke6 55. Rb8 Kf7 56. h7 1-0

[Event "20. Open Pula 2006"]
[Site "Pula CRO"]
[Date "2006.06.20"]
[Round "3.6"]
[White "Stokke, Kjetil"]
[Black "Cvitan, Ognjen"]
[Result "0-1"]
[WhiteElo "2302"]
[BlackElo "2527"]
[PlyCount "52"]
[EventDate "2006.06.18"]
[EventType "swiss"]
[EventRounds "9"]
[EventCountry "CRO"]
[Source "lmi"]
[SourceDate "2006.06.26"]

1. e4 c5 2. a3 g6 3. b4 Bg7 4. Nc3 d6 5. g3 Nc6 6. Rb1 b6 7. Bg2 Bb7 8. Nge2 e6
9. O-O Nge7 10. f4 Nd4 11. d3 O-O 12. Be3 Qd7 13. bxc5 dxc5 14. e5 Bxg2 15.
Kxg2 Nd5 16. Bd2 f6 17. exf6 Nxf6 18. Ne4 Nxe4 19. dxe4 Rad8 20. Rf2 Nb5 21.
Qc1 Qc6 22. Kh3 Nd6 23. Be1 Nxe4 24. Rg2 e5 25. Qe3 Qe6+ 26. g4 exf4 0-1

[Event "20. Open Pula 2006"]
[Site "Pula CRO"]
[Date "2006.06.20"]
[Round "3.7"]
[White "Petrik, Tomas"]
[Black "Sasvari, Zelimir"]
[Result "1-0"]
[WhiteElo "2515"]
[BlackElo "2301"]
[PlyCount "120"]
[EventDate "2006.06.18"]
[EventType "swiss"]
[EventRounds "9"]
[EventCountry "CRO"]
[Source "lmi"]
[SourceDate "2006.06.26"]

1. e4 c5 2. Nf3 Nc6 3. d4 cxd4 4. Nxd4 g6 5. c4 Nf6 6. Nc3 Nxd4 7. Qxd4 d6 8.
Be2 Bg7 9. Be3 O-O 10. Qd2 Be6 11. Rc1 Qa5 12. f3 Rfc8 13. b3 a6 14. Na4 Qxd2+
15. Kxd2 Nd7 16. g4 Rab8 17. h4 h6 18. Rhg1 Kh7 19. Nc3 Ne5 20. g5 h5 21. Nd5
Nc6 22. Nb6 Rd8 23. f4 Nd4 24. Kd3 Nxe2 25. Kxe2 f5 26. gxf6 Bxf6 27. Rh1 Rf8
28. Kf2 Rbd8 29. Kg3 Bg7 30. Rhe1 Bg4 31. Nd5 e6 32. Nb6 Rf7 33. Rc2 Bh6 34.
Rf2 Rdf8 35. Ref1 Kg8 36. Bc1 Bg7 37. Be3 Bh6 38. Bc1 Bg7 39. Bb2 Bh6 40. Ba3
Rd8 41. Bb4 Bg7 42. Rd2 e5 43. Rxd6 exf4+ 44. Rxf4 Rdf8 45. Rxf7 Be5+ 46. Kg2
Rxf7 47. Rd8+ Kg7 48. Rd3 Rf4 49. Nd7 Bxd7 50. Rxd7+ Kf6 51. Rxb7 Rxe4 52. Kf3
Rf4+ 53. Ke3 Kf5 54. Rf7+ Kg4 55. Rxf4+ Bxf4+ 56. Ke4 Kxh4 57. Kxf4 g5+ 58. Kf3
Kh3 59. Bd6 h4 60. c5 g4+ 1-0

[Event "20. Open Pula 2006"]
[Site "Pula CRO"]
[Date "2006.06.20"]
[Round "3.10"]
[White "Jovanic, Ognjen"]
[Black "Sutkovic, Damir"]
[Result "1/2-1/2"]
[WhiteElo "2473"]
[BlackElo "2286"]
[PlyCount "97"]
[EventDate "2006.06.18"]
[EventType "swiss"]
[EventRounds "9"]
[EventCountry "CRO"]
[Source "lmi"]
[SourceDate "2006.06.26"]

1. d4 Nf6 2. c4 d6 3. Nf3 g6 4. Nc3 Bf5 5. d5 Bg7 6. Nd4 Bd7 7. e4 Na6 8. Be2
e5 9. Nb3 b6 10. a3 Nc5 11. Nxc5 dxc5 12. b4 Qe7 13. Qb3 a5 14. bxc5 Qxc5 15.
Be3 Qe7 16. c5 O-O 17. O-O bxc5 18. Qc4 Rfb8 19. Bxc5 Qd8 20. Rab1 Ne8 21. Nb5
Rxb5 22. Rxb5 Nd6 23. Bxd6 Bxb5 24. Qxb5 cxd6 25. Rc1 Rb8 26. Qa6 Bf8 27. g3
Qb6 28. Qxb6 Rxb6 29. Rc4 Rb5 30. Kg2 Rc5 31. Rxc5 dxc5 32. a4 Bd6 33. Kf3 Kf8
34. Ke3 Ke7 35. Kd3 Bc7 36. Kc4 Kd6 37. f4 f6 38. Bg4 exf4 39. gxf4 Ke7 40.
Kxc5 Bxf4 41. h3 h5 42. Be2 h4 43. Bg4 Bd6+ 44. Kc6 Bb4 45. Be6 g5 46. Bf5 Ba3
47. Kb5 Bb4 48. Kc4 Kd6 49. Kd3 1/2-1/2

[Event "20. Open Pula 2006"]
[Site "Pula CRO"]
[Date "2006.06.20"]
[Round "3.11"]
[White "Plenkovic, Zdenko"]
[Black "Kovacevic, Blazimir"]
[Result "1-0"]
[WhiteElo "2278"]
[BlackElo "2468"]
[PlyCount "83"]
[EventDate "2006.06.18"]
[EventType "swiss"]
[EventRounds "9"]
[EventCountry "CRO"]
[Source "lmi"]
[SourceDate "2006.06.26"]

1. e4 c5 2. Nf3 e6 3. d4 cxd4 4. Nxd4 a6 5. Be2 Nf6 6. Nc3 Bb4 7. O-O d6 8. Qd3
O-O 9. a3 Bxc3 10. bxc3 Nbd7 11. Nb3 Ne5 12. Qd4 Nc6 13. Qe3 e5 14. Rd1 Qc7 15.
Qd3 h6 16. h3 Be6 17. Qf3 Nd7 18. Qd3 Nc5 19. Nxc5 dxc5 20. Qg3 Kh8 21. Qh4 f6
22. Rd3 Bc4 23. Re3 Bxe2 24. Rxe2 Rad8 25. Be3 Na5 26. Rf1 Nc4 27. Bc1 Rd6 28.
f4 Rfd8 29. Ree1 Qe7 30. Kh2 Re6 31. f5 Red6 32. Rf3 Nd2 33. Rg3 Qf7 34. Rg6
Qc4 35. Bxd2 Rxd2 36. Re3 R8d7 37. Reg3 Kh7 38. Qh5 Qf7 39. R3g4 Kg8 40. Qxh6
Kf8 41. Qh8+ Qg8 42. Rxf6+ 1-0

[Event "20. Open Pula 2006"]
[Site "Pula CRO"]
[Date "2006.06.20"]
[Round "3.12"]
[White "Zelic, Mladen"]
[Black "Abergel, Thal"]
[Result "0-1"]
[WhiteElo "2274"]
[BlackElo "2457"]
[PlyCount "70"]
[EventDate "2006.06.18"]
[EventType "swiss"]
[EventRounds "9"]
[EventCountry "CRO"]
[Source "lmi"]
[SourceDate "2006.06.26"]

1. e4 c5 2. d4 cxd4 3. c3 dxc3 4. Nxc3 e6 5. Nf3 d6 6. Bc4 a6 7. O-O Nc6 8. Qe2
b5 9. Bb3 Ra7 10. Rd1 Rd7 11. Bg5 Be7 12. Bxe7 Ngxe7 13. Rd3 Ng6 14. Qd2 Nge5
15. Nxe5 dxe5 16. Rxd7 Qxd7 17. Qg5 O-O 18. Rd1 Qc7 19. Qe3 Na5 20. Rc1 Nxb3
21. axb3 Rd8 22. h3 Qe7 23. Qb6 h6 24. Na2 Kh7 25. Qc7 Qf6 26. Nb4 Rd2 27. Rf1
Qd8 28. Qxe5 Qd4 29. Qc7 Qxb4 30. Qxc8 Qxb3 31. Qxa6 Rxb2 32. Qb7 Kg6 33. Qc7
Rb1 34. Qf4 Rxf1+ 35. Kxf1 Qd1# 0-1

[Event "20. Open Pula 2006"]
[Site "Pula CRO"]
[Date "2006.06.20"]
[Round "3.13"]
[White "Sakelsek, Tadej"]
[Black "Wegerer, Fred"]
[Result "1-0"]
[WhiteElo "2428"]
[BlackElo "2271"]
[PlyCount "49"]
[EventDate "2006.06.18"]
[EventType "swiss"]
[EventRounds "9"]
[EventCountry "CRO"]
[Source "lmi"]
[SourceDate "2006.06.26"]

1. e4 c5 2. Nf3 Nc6 3. d4 cxd4 4. Nxd4 Nf6 5. Nc3 e5 6. Ndb5 h6 7. Be3 a6 8.
Nd6+ Bxd6 9. Qxd6 Qe7 10. Bc5 Qxd6 11. Bxd6 b5 12. O-O-O Bb7 13. f3 Rc8 14. Kb1
h5 15. a4 b4 16. Nd5 Nxd5 17. exd5 Nd4 18. Bd3 f6 19. Bxb4 Bxd5 20. c3 a5 21.
Ba3 Nb3 22. Ba6 Ra8 23. Rxd5 Rxa6 24. Rb5 Nd2+ 25. Kc2 1-0

[Event "20. Open Pula 2006"]
[Site "Pula CRO"]
[Date "2006.06.20"]
[Round "3.16"]
[White "Markosian, David S"]
[Black "Kolesar, Milan"]
[Result "1/2-1/2"]
[WhiteElo "2397"]
[BlackElo "2253"]
[PlyCount "83"]
[EventDate "2006.06.18"]
[EventType "swiss"]
[EventRounds "9"]
[EventCountry "CRO"]
[Source "lmi"]
[SourceDate "2006.06.26"]

1. d4 d5 2. c4 c6 3. Nc3 Nf6 4. e3 a6 5. Bd3 Bg4 6. Qb3 Ra7 7. Nf3 Bxf3 8. gxf3
e6 9. Bd2 Be7 10. f4 dxc4 11. Bxc4 b5 12. Be2 O-O 13. Bf3 c5 14. dxc5 Bxc5 15.
O-O Rd7 16. Rfd1 Qb6 17. Be1 Rfd8 18. Rxd7 Rxd7 19. Rd1 g6 20. Kg2 Be7 21. Rxd7
Nbxd7 22. Qd1 Qc7 23. Ne4 Nd5 24. Ng3 N7f6 25. Ne2 Bb4 26. Bxb4 Nxb4 27. Qd4
Nbd5 28. Qd2 Ne7 29. Qd4 Ned5 30. a4 bxa4 31. Qxa4 a5 32. Nd4 Qb6 33. b3 Nb4
34. Qb5 Qxb5 35. Nxb5 Nd3 36. Nd4 Nc5 37. Bd1 Nd5 38. Nc6 a4 39. bxa4 Nc3 40.
Bc2 N3xa4 41. Kf3 Nc3 42. Ne5 1/2-1/2

[Event "20. Open Pula 2006"]
[Site "Pula CRO"]
[Date "2006.06.20"]
[Round "3.17"]
[White "Medancic, Rikard"]
[Black "Saric, Ivan"]
[Result "0-1"]
[WhiteElo "2265"]
[BlackElo "2393"]
[PlyCount "60"]
[EventDate "2006.06.18"]
[EventType "swiss"]
[EventRounds "9"]
[EventCountry "CRO"]
[Source "lmi"]
[SourceDate "2006.06.26"]

1. b3 e5 2. Bb2 Nc6 3. e3 d6 4. Bb5 Nge7 5. d4 a6 6. Bxc6+ Nxc6 7. d5 Ne7 8.
Nc3 Nf5 9. Nf3 Be7 10. Qe2 O-O 11. O-O-O b5 12. g4 Nh6 13. h3 b4 14. Nb1 f5 15.
g5 Nf7 16. h4 a5 17. Rdg1 Qe8 18. Qd1 Nd8 19. Nxe5 dxe5 20. d6 Bb7 21. dxe7
Qxe7 22. f3 a4 23. Nd2 axb3 24. axb3 Nc6 25. f4 Rfd8 26. Qe1 Qc5 27. Nf3 Na5
28. Nxe5 Nxb3+ 29. Kb1 Nd2+ 30. Kc1 Be4 0-1

[Event "20. Open Pula 2006"]
[Site "Pula CRO"]
[Date "2006.06.20"]
[Round "3.19"]
[White "Mikac, Matjaz"]
[Black "Medic, Mirjana"]
[Result "1-0"]
[WhiteElo "2376"]
[BlackElo "2239"]
[PlyCount "63"]
[EventDate "2006.06.18"]
[EventType "swiss"]
[EventRounds "9"]
[EventCountry "CRO"]
[Source "lmi"]
[SourceDate "2006.06.26"]

1. e4 e6 2. d4 d5 3. Nd2 Nf6 4. e5 Nfd7 5. Bd3 c5 6. c3 Nc6 7. Ngf3 cxd4 8.
cxd4 Be7 9. O-O g5 10. Nb3 h5 11. Be3 Nf8 12. Rc1 Rg8 13. Ne1 g4 14. Bb5 Bd7
15. Be2 f5 16. exf6 Bxf6 17. Nd3 Ng6 18. Ndc5 Qc7 19. Nxd7 Kxd7 20. Nc5+ Ke7
21. b4 Qb6 22. b5 Na5 23. Qa4 Rad8 24. Bd2 Nc4 25. Bxc4 dxc4 26. Ba5 Qd6 27.
Nxb7 Qd5 28. Bxd8+ Rxd8 29. Nxd8 Nh4 30. Nc6+ Ke8 31. f3 gxf3 32. Qxc4 1-0

[Event "20. Open Pula 2006"]
[Site "Pula CRO"]
[Date "2006.06.20"]
[Round "3.20"]
[White "Roth, Josef"]
[Black "Nordahl, Helge"]
[Result "0-1"]
[WhiteElo "2138"]
[BlackElo "2374"]
[PlyCount "76"]
[EventDate "2006.06.18"]
[EventType "swiss"]
[EventRounds "9"]
[EventCountry "CRO"]
[Source "lmi"]
[SourceDate "2006.06.26"]

1. e4 c5 2. Nf3 d6 3. d4 cxd4 4. Nxd4 Nf6 5. Nc3 a6 6. Bg5 e6 7. f4 Be7 8. Qf3
Qc7 9. O-O-O Nbd7 10. Bxf6 Nxf6 11. g4 b5 12. g5 Nd7 13. f5 Nc5 14. f6 gxf6 15.
gxf6 Bf8 16. a3 Bd7 17. Rg1 h5 18. Rg3 Rb8 19. b4 Nb7 20. Rd3 Nd8 21. Qe2 Nc6
22. Nxc6 Bxc6 23. Nd5 Qb7 24. Bh3 Kd8 25. Rg7 Bxg7 26. fxg7 Rg8 27. Nf6 Rxg7
28. Qxh5 Rg1+ 29. Kb2 Qe7 30. e5 d5 31. Qf3 a5 32. Qe3 Rg6 33. bxa5 b4 34. axb4
Rxb4+ 35. Rb3 Ba4 36. Rxb4 Qxb4+ 37. Ka2 Qxa5 38. Qa3 Rg1 0-1

[Event "20. Open Pula 2006"]
[Site "Pula CRO"]
[Date "2006.06.20"]
[Round "3.27"]
[White "Feletar, Darko"]
[Black "Kajtazi, Driton"]
[Result "1-0"]
[WhiteElo "2391"]
[BlackElo "2164"]
[PlyCount "77"]
[EventDate "2006.06.18"]
[EventType "swiss"]
[EventRounds "9"]
[EventCountry "CRO"]
[Source "lmi"]
[SourceDate "2006.06.26"]

1. d4 d6 2. Nf3 c6 3. c4 Qc7 4. Nc3 e5 5. e4 Nf6 6. Be2 a6 7. h3 b5 8. a3 exd4
9. Nxd4 Be7 10. O-O O-O 11. Bf4 bxc4 12. Bxc4 Nbd7 13. Rc1 Nb6 14. Ba2 Qb7 15.
Re1 c5 16. Nf3 Rd8 17. Qe2 Nh5 18. Bh2 Be6 19. Bxe6 fxe6 20. e5 d5 21. g4 d4
22. Ne4 d3 23. Qd1 c4 24. gxh5 Rf8 25. Bg3 Qd7 26. Nd6 Rxf3 27. Qxf3 d2 28.
Nxc4 dxc1=Q 29. Rxc1 Rc8 30. Rd1 Qc6 31. Qxc6 Rxc6 32. Nxb6 Rxb6 33. Rd7 Kf8
34. Ra7 h6 35. b4 Rc6 36. Kg2 Ke8 37. Bf4 Kf8 38. Be3 Bd8 39. Bc5+ 1-0

[Event "20. Open Pula 2006"]
[Site "Pula CRO"]
[Date "2006.06.20"]
[Round "3.40"]
[White "Hager, Franz"]
[Black "Lesic, Krunoslav"]
[Result "1-0"]
[WhiteElo "2234"]
[BlackElo "2074"]
[PlyCount "27"]
[EventDate "2006.06.18"]
[EventType "swiss"]
[EventRounds "9"]
[EventCountry "CRO"]
[Source "lmi"]
[SourceDate "2006.06.26"]

1. d4 e6 2. c4 d5 3. Nc3 Nf6 4. Nf3 b6 5. cxd5 exd5 6. Bf4 Bd6 7. Bxd6 Qxd6 8.
e3 O-O 9. Rc1 Qb4 10. a3 Qxb2 11. Nb5 Na6 12. Rb1 Qa2 13. Qc1 Nc5 14. dxc5 1-0

[Event "20. Open Pula 2006"]
[Site "Pula CRO"]
[Date "2006.06.20"]
[Round "3.45"]
[White "Pregarac, Valter"]
[Black "Kljako, Damir"]
[Result "1-0"]
[WhiteElo "2058"]
[BlackElo "2223"]
[PlyCount "41"]
[EventDate "2006.06.18"]
[EventType "swiss"]
[EventRounds "9"]
[EventCountry "CRO"]
[Source "lmi"]
[SourceDate "2006.06.26"]

1. d4 g6 2. c4 Bg7 3. Nc3 d6 4. e4 Nf6 5. f3 O-O 6. Be3 Nc6 7. Qd2 e5 8. d5 Nd4
9. Nge2 Nxe2 10. Bxe2 Ne8 11. g4 f5 12. O-O-O fxg4 13. fxg4 Nf6 14. h3 Kh8 15.
Rdg1 Bd7 16. h4 Qe7 17. Bg5 Qe8 18. Qe3 Qc8 19. Qg3 Ng8 20. h5 Be8 21. Be3 1-0

[Event "20. Open Pula 2006"]
[Site "Pula CRO"]
[Date "2006.06.21"]
[Round "4.1"]
[White "Rigo, Zsolt"]
[Black "Stocek, Jiri"]
[Result "0-1"]
[WhiteElo "2402"]
[BlackElo "2565"]
[PlyCount "80"]
[EventDate "2006.06.18"]
[EventType "swiss"]
[EventRounds "9"]
[EventCountry "CRO"]
[Source "lmi"]
[SourceDate "2006.06.26"]

1. e4 c5 2. Nf3 d6 3. d4 cxd4 4. Nxd4 Nf6 5. Nc3 a6 6. Be2 e5 7. Nb3 Be7 8. O-O
Be6 9. f4 Qc7 10. Kh1 Nbd7 11. g4 h6 12. g5 hxg5 13. fxg5 Nh7 14. Bg4 Qc4 15.
Nd2 Bxg4 16. Nxc4 Bxd1 17. Rxd1 f6 18. Nxd6+ Bxd6 19. Rxd6 fxg5 20. Be3 g4 21.
Rg6 Nhf6 22. Rxg7 Kf8 23. Rg5 Kf7 24. Kg2 Rag8 25. Rd1 Ke6 26. Rxg8 Rxg8 27.
Bf2 Rc8 28. Rd2 Rc4 29. Re2 Nh5 30. Kf1 Nf4 31. Re3 Rc8 32. Be1 Nf6 33. Bh4 Ne8
34. Rg3 Nd6 35. Rxg4 Nc4 36. Rg7 Nxb2 37. Rxb7 Nc4 38. Nd5 Nd2+ 39. Kf2 Nxe4+
40. Kf3 Nxd5 0-1

[Event "20. Open Pula 2006"]
[Site "Pula CRO"]
[Date "2006.06.21"]
[Round "4.2"]
[White "Rogic, Davor"]
[Black "Mikac, Matjaz"]
[Result "1-0"]
[WhiteElo "2540"]
[BlackElo "2376"]
[PlyCount "105"]
[EventDate "2006.06.18"]
[EventType "swiss"]
[EventRounds "9"]
[EventCountry "CRO"]
[Source "lmi"]
[SourceDate "2006.06.26"]

1. e4 c5 2. Nf3 Nc6 3. d4 cxd4 4. Nxd4 Nf6 5. Nc3 e6 6. a3 d5 7. exd5 exd5 8.
Be2 Be7 9. O-O O-O 10. Bf4 Be6 11. Bf3 Qd7 12. Re1 Rac8 13. Nce2 Bd6 14. Bxd6
Qxd6 15. c3 Ne5 16. Ng3 Rfe8 17. h3 a6 18. Re2 h6 19. Qc2 g6 20. Rae1 Bd7 21.
Nf1 Bb5 22. Nxb5 Nxf3+ 23. gxf3 axb5 24. Rxe8+ Rxe8 25. Rxe8+ Nxe8 26. Qd2 h5
27. Ne3 Nc7 28. Qd4 Kh7 29. b4 Kg8 30. h4 Kh7 31. Kf1 Kg8 32. f4 Ne6 33. Qxd5
Qxf4 34. Qxb5 Qe4 35. Qc4 Qh1+ 36. Ke2 Qa1 37. a4 b6 38. Nd5 Qxa4 39. Nxb6 Qc2+
40. Ke3 Qc1+ 41. Kf3 g5 42. hxg5 Nxg5+ 43. Kg2 Ne6 44. Nd5 Qg5+ 45. Kh1 Qc1+
46. Kh2 Qd2 47. Nf6+ Kf8 48. Qh4 Qxc3 49. Nxh5 Qe5+ 50. Ng3 Ng5 51. Qg4 Qd5 52.
Qc8+ Kg7 53. Nh5+ 1-0